Whats the matter with America: (Record no. 226000)
[ view plain ]
| 000 -LEADER | |
|---|---|
| fixed length control field | 02049nam a22002537a 4500 |
| 005 - DATE AND TIME OF LATEST TRANSACTION | |
| control field | 20221221135611.0 |
| 008 - FIXED-LENGTH DATA ELEMENTS--GENERAL INFORMATION | |
| fixed length control field | 221221b ||||| |||| 00| 0 eng d |
| 020 ## - INTERNATIONAL STANDARD BOOK NUMBER | |
| International Standard Book Number | 9780099492931 |
| 040 ## - CATALOGING SOURCE | |
| Transcribing agency | AL |
| 041 ## - LANGUAGE CODE | |
| Language code of text/sound track or separate title | eng |
| 082 ## - DEWEY DECIMAL CLASSIFICATION NUMBER | |
| Edition number | 23 |
| Classification number | 320.973 |
| Item number | FRAW |
| 100 ## - MAIN ENTRY--PERSONAL NAME | |
| Personal name | Thomas Frank |
| 100 ## - MAIN ENTRY--PERSONAL NAME | |
| 9 (RLIN) | 67237 |
| 245 ## - TITLE STATEMENT | |
| Title | Whats the matter with America: |
| Remainder of title | The resistible rise of the American right |
| 260 ## - PUBLICATION, DISTRIBUTION, ETC. | |
| Place of publication, distribution, etc. | London |
| Name of publisher, distributor, etc. | Vintage Books |
| Date of publication, distribution, etc. | 2007 |
| 300 ## - PHYSICAL DESCRIPTION | |
| Extent | x,322p. |
| Other physical details | PB |
| Dimensions | 19x13cm. |
| 365 ## - TRADE PRICE | |
| Source of price type code | Political Science |
| 520 ## - SUMMARY, ETC. | |
| Summary, etc. | With his acclaimed wit and acuity, Thomas Frank here turns his eye on what he calls the 'thirty-year backlash' - the common man's revolt against a supposedly liberal establishment. He charts the Republican party's success in building the most unnatural of alliances: between blue-collar Midwesterners and Wall Street business interests; between workers and bosses; between populists and right-wingers. Taking the state of Kansas as a paradigm, Frank describes how a place famous for its radicalism became one of the most conservative states in the union and, writing as a native Kansan and onetime Republican, seeks to answer some broader American riddles: why do so many of us vote against our economic and social interests? And whatever happened to middle-American progressivism? Frank reveals the true story, showing how voters have been persuaded to elevate 'values' and down-home qualities - lavishly attributed to the current occupant of the White House - above hard questions of policy. A brilliant analysis, and funny to boot, What's the Matter with America? - published in advance of the US Presidential elections - presents a critical assessment of the state of America today, while telling a remarkable story of how a group of frat boys, lawyers, and CEOs came to convince a nation that they spoke on behalf of the People. |
| 650 ## - SUBJECT ADDED ENTRY--TOPICAL TERM | |
| Topical term or geographic name entry element | The Two Nations |
| 9 (RLIN) | 67238 |
| 650 ## - SUBJECT ADDED ENTRY--TOPICAL TERM | |
| Topical term or geographic name entry element | Russia Iran Disco Suck |
| 9 (RLIN) | 67239 |
| 650 ## - SUBJECT ADDED ENTRY--TOPICAL TERM | |
| Topical term or geographic name entry element | Verns |
| 9 (RLIN) | 67240 |
| 650 ## - SUBJECT ADDED ENTRY--TOPICAL TERM | |
| Topical term or geographic name entry element | Happy Captives |
| 9 (RLIN) | 67241 |
| 700 ## - ADDED ENTRY--PERSONAL NAME | |
| Personal name | FRANK (Thomas) |
| 9 (RLIN) | 67242 |
| 942 ## - ADDED ENTRY ELEMENTS (KOHA) | |
| Source of classification or shelving scheme | Dewey Decimal Classification |
| Koha item type | Donated Books |
| Withdrawn status | Lost status | Source of classification or shelving scheme | Damaged status | Not for loan | Collection code | Home library | Current library | Date acquired | Total Checkouts | Full call number | Barcode | Date last seen | Price effective from | Koha item type | Public note |
|---|---|---|---|---|---|---|---|---|---|---|---|---|---|---|---|
| Dewey Decimal Classification | Political Science | St Aloysius Library | St Aloysius Library | 11/28/2014 | 320.973 FRAW | D05305 | 12/21/2022 | 12/21/2022 | Donated Books | Donated by V. T. Rajshekar |